Music Quiz

Random Music or The Beatles Quiz

Odd One Out: Song Words by Album (Beatles) Quiz Stats

 Plays Quiz not verified by Sporcle

Score 0/16 Timer 02:00
0 Plays Today
Question Answer Wrong Answers
Beatles for Sale Loser
97.4%
Eight
0.5%
Days
0.8%
Week
1%
Sgt. Pepper's Lonely Hearts Club Band Kite
97.1%
Lucy
1.1%
Sky
0.9%
Diamonds
1%
A Hard Day's Night Cry
95.7%
Can't
1.4%
Buy
1.5%
Love
1%
Let It Be Pony
95.4%
Long
0.5%
Winding
0.8%
Road
0.8%
Magical Mystery Tour Walrus
95.3%
Strawberry
1.1%
Fields
0.3%
Forever
0.6%
'White Album' (Disc 1) Onion
94.7%
Guitar
1.4%
Gently
0.5%
Weeps
1.1%
1969 Single (Apple Records) Shoe
93.6%
Ballad
0.7%
John
0.8%
Yoko
2.4%
With the Beatles Money
92.1%
All
0.5%
My
1.3%
Loving
4%
'White Album' (Disc 2) Truffle
91.2%
Mother
1.4%
Nature's
1.6%
Son
2.9%
Revolver Yellow
89.4%
Good
2.9%
Day
2%
Sunshine
2.4%
Abbey Road Garden
87.2%
Maxwell's
3.6%
Silver
3.2%
Hammer
4.8%
Help! Ride
85.9%
Dizzy
5.7%
Miss
3.3%
Lizzy
3.5%
Please Please Me Me
82.3%
Saw
4.8%
Standing
3.1%
There
6.9%
Twist and Shout (1963 EP) Honey
79.6%
Want
3.8%
Know
2%
Secret
10.3%
Rubber Soul Looking
58.4%
Norwegian
30.2%
Bird
2.4%
Flown
4.3%
Yellow Submarine Meanies
40.8%
Pepperland
31.3%
Laid
17.5%
Waste
6.3%

You're not logged in!

Compare scores with friends on all Sporcle quizzes.
OR
Log In

Sporcle TV

Today on Sporcle TV


Watch our educational content, quiz creation guides, and fun videos on Sporcle TV.

Show Comments

Extras

Top Quizzes Today


Score Distribution

Your Account Isn't Verified!

In order to create a playlist on Sporcle, you need to verify the email address you used during registration. Go to your Sporcle Settings to finish the process.

Report this User

Report this user for behavior that violates our Community Guidelines.

Details: